00286nam a2200109Ia 4500008004100000041000800041082001700049100001400066245004400080260003300124300001900157241028s9999 xx 000 0 und d aeng a332.0285 FAI aFairhurst aFinancial Modeling In Excel For Dummies bWiley IndiaaNew Delhic2017 a314;. p. 23 cm